01301nam a2200265Ia 450000500170000000800410001702000150005804100080007308200220008110000190010324500670012225000230018926400240021230000390023633600270027533700330030233800280033549000180036352004790038165000420086065000290090265000390093170000300097004000350100020220316235410.0121119s2000 sp a gr 000 0 spa  a84207337250 aspa04a133.430222 bB37m1 aBird, Malcolm,10aManual de la brujacMalcolm Bird ; traducción, Tita de Uichi aDécima edición 1aMadridbAnayac2000 a96 páginasbilustracionesc26 cm atextobtxt2rdacontent asin mediaciónbn2rdamedia avolumenbnc2rdacarrier0 aLibros regalo3 aLas brujas han sido siempre tema de crueles chistes y de acusaciones falsas. Como mucho, se las considera viejos seres malolientes que se mueven en el mundo misterioso del folklore y de la magia. Pero en realidad las brujas son humanas -o casi- y tienen muchas cualidades. Les gusta vivir en castillos viejos y sucios, cocinan a base de gusanos y moscas muertas, cultivan en sus huertos hierbas fétidas y, ante todo, son geniales a la hora de hacer la puñeta a la gente.142LEMBaBrujeríaxLiteratura infantil142LEMBaLeyendasvManuales142LEMBaTrabajos manuales infantiles1 aUichi, Tita deetraductor aCO-BoRNBPbspaerdacCO-BoRNBP